[Event "TCh-CRO Gp1A"]
[Site "Sibenik CRO"]
[Date "2010.09.08"]
[Round "5"]
[White "Jankovic,A"]
[Black "Zaja,I"]
[Result "1/2-1/2"]
[WhiteElo "2560"]
[BlackElo "2482"]
[EventDate "2010.09.04"]

1. d4 e6 2. c4 Nf6 3. Nc3 Bb4 4. Bg5 h6 5. Bh4 Bxc3+ 6. bxc3 d6 7. Qa4+
Nbd7 8. f3 O-O 9. e4 e5 10. Bd3 c5 11. Ne2 cxd4 12. cxd4 exd4 13. Nxd4 Nc5
14. Qa3 Nxd3+ 15. Qxd3 Qa5+ 16. Kf2 Nd7 17. Rhc1 Ne5 18. Qe3 Bd7 19. c5 Qa6
20. Kg1 Nd3 21. Rd1 Nxc5 22. Nb3 Nxb3 23. axb3 Qb5 24. Rd5 Qc6 25. Bf6 gxf6
26. Qxh6 f5 27. Rad1 f6 28. Rxd6 Qc5+ 29. Kh1 Be8 30. Rd7 Rf7 31. Qg6+ Kf8
32. Rxf7+ Bxf7 33. Qxf6 Re8 34. Qh8+ Ke7 35. Qh4+ Kf8 36. Qh6+ Kg8 37. Qg5+
Kf8 38. h3 Qc3 39. Rd7 fxe4 40. Qf4 Qg7 41. fxe4 Kg8 42. Rxb7 Qa1+ 43. Kh2
Bg6 44. Rb5 Rxe4 45. Rb8+ Re8 46. Qc4+ Kf8 47. Qc5+ Kg7 48. Qc7+ Kg8 49.
Qc4+ Kf8 50. Qc5+ Kg7 51. Qc7+ Kg8 1/2-1/2

[Event "TCh-CRO Gp1A"]
[Site "Sibenik CRO"]
[Date "2010.09.08"]
[Round "5"]
[White "Kovacevic,Vlat"]
[Black "Kuljasevic,D"]
[Result "1/2-1/2"]
[WhiteElo "2471"]
[BlackElo "2555"]
[EventDate "2010.09.04"]

1. d4 d5 2. Bf4 Nf6 3. e3 c5 4. Nc3 cxd4 5. exd4 a6 6. Be2 Nc6 7. Nf3 Bg4
8. O-O e6 9. Ne5 Bxe2 10. Nxe2 Nxe5 11. Bxe5 Nd7 12. Bg3 Be7 13. Re1 O-O
14. a4 b5 15. Nf4 b4 16. Qe2 Nf6 17. f3 Qb6 18. Bf2 Rfc8 19. Rec1 Rc6 20.
Qd3 Rac8 21. Ne2 Ne8 22. b3 Bg5 23. f4 Be7 24. g3 Nd6 25. Kg2 a5 26. Ra2
Ne4 27. h4 Qc7 28. Be3 h6 29. Bd2 Qb6 30. Rb2 Bf6 31. Ra2 Qc7 32. Rb2 Be7
33. Ra2 Bd6 34. Rb2 f6 35. Ra2 Qf7 36. c4 bxc3 37. Bxc3 Qc7 1/2-1/2

[Event "TCh-CRO Gp1A"]
[Site "Sibenik CRO"]
[Date "2010.09.08"]
[Round "5"]
[White "Hulak,K"]
[Black "Rade,M"]
[Result "1/2-1/2"]
[WhiteElo "2510"]
[BlackElo "2428"]
[EventDate "2010.09.04"]

1. Nf3 Nf6 2. g3 g6 3. Bg2 Bg7 4. O-O O-O 5. c4 d5 6. cxd5 Nxd5 7. d4 Nb6
8. Nc3 Nc6 9. d5 Na5 10. Qc2 c6 11. dxc6 Nxc6 12. Rd1 Qe8 13. h3 Bd7 14.
Bg5 Rc8 15. Rac1 h6 16. Bd2 e5 17. Be3 Bf5 18. Qb3 Be6 19. Qc2 Bf5 20. Qb3
Be6 1/2-1/2

[Event "TCh-CRO Gp1A"]
[Site "Sibenik CRO"]
[Date "2010.09.08"]
[Round "5"]
[White "Bologan,V"]
[Black "Vachier Lagrave,M"]
[Result "1/2-1/2"]
[WhiteElo "2690"]
[BlackElo "2721"]
[EventDate "2010.09.04"]

1. e4 c5 2. Nf3 d6 3. d4 cxd4 4. Nxd4 Nf6 5. Nc3 a6 6. Be3 Ng4 7. Bg5 h6 8.
Bh4 g5 9. Bg3 Bg7 10. h3 Ne5 11. Nf5 Bxf5 12. exf5 Nbc6 13. Nd5 e6 14. fxe6
fxe6 15. Ne3 Qa5+ 16. c3 Nf3+ 17. Qxf3 Bxc3+ 18. Kd1 Qa4+ 19. Nc2 Bxb2 20.
Qb3 Qxb3 21. axb3 Bxa1 22. Nxa1 Ne5 23. h4 Ke7 24. Nc2 Ng6 25. h5 Nf4 26.
f3 Rhc8 27. Be1 a5 28. Na3 b5 29. Bxb5 Nxg2 30. Bd2 Rc5 31. Bf1 Nf4 32. Nc4
a4 33. b4 Rd5 34. Na5 Kf7 35. Rh2 Rc8 36. Nc4 Rd4 37. Na3 Nd5 38. Nc2 Nc3+
39. Ke1 Rd5 40. Na3 Rd4 41. Nc2 Rd5 42. Na3 Rd4 43. Nc2 1/2-1/2

[Event "TCh-CRO Gp1A"]
[Site "Sibenik CRO"]
[Date "2010.09.08"]
[Round "5"]
[White "Grachev,B"]
[Black "Brkic,A"]
[Result "1-0"]
[WhiteElo "2668"]
[BlackElo "2564"]
[EventDate "2010.09.04"]

1. d4 Nf6 2. c4 g6 3. Nf3 Bg7 4. g3 c5 5. d5 b5 6. Bg2 d6 7. O-O O-O 8.
cxb5 a6 9. bxa6 Bxa6 10. Nc3 Nbd7 11. h3 Qa5 12. Bd2 Nb6 13. b3 Nfd7 14.
Qc2 c4 15. b4 Qxb4 16. e3 Qc5 17. Nd4 Rfe8 18. Nde2 Ne5 19. e4 Nd3 20. Be3
Qa5 21. Rfb1 Nd7 22. Bd4 Reb8 23. Bxg7 Kxg7 24. Nd4 Rxb1+ 25. Rxb1 Rb8 26.
Rxb8 Nxb8 27. h4 Qb6 28. Nce2 Qb4 29. Qc3 Qxc3 30. Nxc3 Nd7 31. Bh3 N7c5
32. Kf1 Kf6 33. Ke2 e6 34. Ke3 Bb7 1-0

[Event "TCh-CRO Gp1A"]
[Site "Sibenik CRO"]
[Date "2010.09.08"]
[Round "5"]
[White "Rogic,D"]
[Black "Stevic,H"]
[Result "1/2-1/2"]
[WhiteElo "2591"]
[BlackElo "2607"]
[EventDate "2010.09.04"]

1. e4 e5 2. Nf3 Nc6 3. Bb5 a6 4. Ba4 Nf6 5. O-O Be7 6. Re1 b5 7. Bb3 O-O 8.
c3 d6 9. h3 Nb8 10. d4 Nbd7 11. Nbd2 Bb7 12. Bc2 Re8 13. Nf1 Bf8 14. Ng3 g6
15. a4 1/2-1/2

[Event "TCh-CRO Gp1A"]
[Site "Sibenik CRO"]
[Date "2010.09.08"]
[Round "5"]
[White "Cvitan,O"]
[Black "Kovacevic,Bl"]
[Result "1-0"]
[WhiteElo "2531"]
[BlackElo "2459"]
[EventDate "2010.09.04"]

1. d4 d5 2. c4 e6 3. Nc3 Nf6 4. Bg5 Nbd7 5. cxd5 exd5 6. e3 Be7 7. Bd3 Nf8
8. Nge2 Ne6 9. Bh4 O-O 10. O-O g6 11. Rb1 c6 12. b4 a6 13. a4 Ng7 14. b5
axb5 15. axb5 Bf5 16. bxc6 bxc6 17. Nc1 Nd7 18. Bxe7 Qxe7 19. Qc2 Qd6 20.
Bxf5 Nxf5 21. Nd3 Rfb8 22. Na4 Ne7 23. Nac5 Nxc5 24. Qxc5 Qxc5 25. Nxc5
Rxb1 26. Rxb1 Ra7 27. Rb8+ Kg7 28. g3 h5 29. Kg2 Kf6 30. h3 Nf5 31. g4 hxg4
32. hxg4 Ne7 33. Rd8 Kg7 34. g5 f6 35. gxf6+ Kxf6 36. Rf8+ Kg7 37. Ne6+ Kh7
38. Rf7+ Kg8 39. Rf8+ Kh7 40. Rf7+ Kg8 41. Rg7+ Kh8 42. Kf3 Nc8 43. Rxg6
Rf7+ 44. Nf4 Ne7 45. Rd6 Kg8 46. Ke2 Rg7 47. Nd3 Rg6 48. Rd8+ Kg7 49. Ne5
Rf6 50. Re8 Ng6 51. Rc8 Nxe5 52. dxe5 Rh6 53. Rc7+ Kf8 54. Kd3 Ke8 55. Kd4
Kd8 56. Ra7 Rh2 57. f4 Rh3 58. e6 Rf3 59. Ke5 Rxe3+ 60. Kd6 1-0

[Event "TCh-CRO Gp1A"]
[Site "Sibenik CRO"]
[Date "2010.09.08"]
[Round "5"]
[White "Zivkovic,Vj"]
[Black "Sulava,N"]
[Result "1/2-1/2"]
[WhiteElo "2379"]
[BlackElo "2552"]
[EventDate "2010.09.04"]

1. e4 e6 2. d4 d5 3. Nc3 dxe4 4. Nxe4 Nd7 5. Nf3 Ngf6 6. Nxf6+ Nxf6 7. c3
a6 8. Bg5 h6 9. Bh4 c5 10. dxc5 Qxd1+ 11. Rxd1 Bxc5 12. Bxf6 gxf6 13. g3
Bd7 14. Bg2 O-O-O 15. O-O Kc7 16. Nd4 h5 17. Rd2 h4 18. Nb3 Be7 19. Rfd1
hxg3 20. hxg3 Bc8 21. Rxd8 Rxd8 22. Rxd8 Bxd8 23. f4 Kd6 24. Kf2 b5 25. g4
Bb6+ 26. Ke2 f5 27. gxf5 e5 28. Be4 exf4 29. Nc1 Ke5 30. Kf3 Bxf5 31. Nd3+
Kf6 32. Nxf4 Be6 1/2-1/2

[Event "TCh-CRO Gp1A"]
[Site "Sibenik CRO"]
[Date "2010.09.08"]
[Round "5"]
[White "Cebalo,M"]
[Black "Ribli,Z"]
[Result "0-1"]
[WhiteElo "2493"]
[BlackElo "2555"]
[EventDate "2010.09.04"]

1. d4 d5 2. c4 c6 3. Nf3 Nf6 4. Nc3 dxc4 5. a4 Bf5 6. Ne5 Nbd7 7. Nxc4 Qc7
8. g3 e5 9. dxe5 Nxe5 10. Bf4 Nfd7 11. Bg2 g5 12. Ne3 gxf4 13. Nxf5 O-O-O
14. Qc2 Kb8 15. O-O fxg3 16. hxg3 h5 17. Rfc1 Nf6 18. a5 h4 19. Nb5 Qc8 20.
Nbd4 h3 21. Bf3 c5 22. Qb3 a6 23. Qe3 Qc7 24. Qg5 Nd5 25. Bxd5 Rxd5 26. b4
Bh6 27. Qf6 Bxc1 28. Rxc1 Qd8 29. Ne7 h2+ 30. Kh1 Rxd4 31. Qxe5+ Ka8 32.
Kg2 0-1

[Event "TCh-CRO Gp1A"]
[Site "Sibenik CRO"]
[Date "2010.09.09"]
[Round "6"]
[White "Naiditsch,A"]
[Black "Gashimov,V"]
[Result "1/2-1/2"]
[WhiteElo "2674"]
[BlackElo "2719"]
[EventDate "2010.09.04"]

1. e4 c5 2. Nf3 d6 3. Bb5+ Bd7 4. Bxd7+ Qxd7 5. c4 Nf6 6. Nc3 g6 7. d4 cxd4
8. Nxd4 Bg7 9. f3 O-O 10. O-O Rc8 11. b3 d5 12. exd5 Nxd5 13. Nxd5 e6 14.
Bh6 exd5 15. Bxg7 1/2-1/2

[Event "TCh-CRO Gp1A"]
[Site "Sibenik CRO"]
[Date "2010.09.09"]
[Round "6"]
[White "Grachev,B"]
[Black "Markus,Rob"]
[Result "1/2-1/2"]
[WhiteElo "2668"]
[BlackElo "2624"]
[EventDate "2010.09.04"]

1. d4 Nf6 2. c4 g6 3. Nc3 Bg7 4. g3 O-O 5. Bg2 d6 6. Nf3 Nbd7 7. O-O e5 8.
e4 c6 9. h3 Qb6 10. d5 Nc5 11. Qe2 cxd5 12. cxd5 Bd7 13. Be3 Rfc8 14. Rfc1
a5 15. Nd2 a4 16. b4 Qxb4 17. Rab1 Nb3 18. axb3 Rxc3 19. Rxc3 Qxc3 20. bxa4
Rxa4 21. Rxb7 Qc8 22. Rb6 Bxh3 23. Qd1 Bxg2 24. Kxg2 Ra6 25. Qb3 Rxb6 26.
Qxb6 Ng4 27. Bg5 h6 28. Qd8+ Qxd8 29. Bxd8 Nf6 30. f4 Kf8 31. Kf3 Ke8 32.
Bc7 Kd7 33. Bb8 Ne8 34. Nc4 exf4 35. gxf4 Bd4 36. e5 Bc5 37. f5 gxf5 38.
Kf4 f6 39. exf6 Nxf6 40. Kxf5 Nxd5 41. Bxd6 Bxd6 42. Nxd6 Kxd6 43. Ke4
1/2-1/2

[Event "TCh-CRO Gp1A"]
[Site "Sibenik CRO"]
[Date "2010.09.09"]
[Round "6"]
[White "Saric,Iv"]
[Black "Stevic,H"]
[Result "1/2-1/2"]
[WhiteElo "2567"]
[BlackElo "2607"]
[EventDate "2010.09.04"]

1. e4 e5 2. Nf3 Nc6 3. Bb5 Bc5 4. c3 Nf6 5. d4 exd4 6. e5 Ne4 7. cxd4 Bb4+
8. Nbd2 O-O 9. O-O d5 10. a3 Bxd2 11. Bxd2 Bg4 12. Be3 f6 13. Qc1 Bxf3 14.
Bxc6 bxc6 15. gxf3 Qd7 16. e6 Qxe6 17. fxe4 Qg4+ 18. Kh1 1/2-1/2

[Event "TCh-CRO Gp1A"]
[Site "Sibenik CRO"]
[Date "2010.09.09"]
[Round "6"]
[White "Cvitan,O"]
[Black "Jovanic,O"]
[Result "1/2-1/2"]
[WhiteElo "2531"]
[BlackElo "2523"]
[EventDate "2010.09.04"]

1. Nf3 d5 2. g3 Bg4 3. Bg2 Nd7 4. d4 Ngf6 5. O-O e6 6. c4 c6 7. Qb3 Qb6 8.
Nc3 Be7 9. Bf4 O-O 10. Rfe1 dxc4 11. Qxc4 Nd5 12. Bc1 Nb4 13. Rd1 Rad8 14.
Bd2 Nd5 15. e4 Nxc3 16. Bxc3 Qc7 17. a4 e5 18. h3 Bxf3 19. Bxf3 Qb8 20. d5
Nb6 21. Qb3 cxd5 22. a5 Nc4 23. exd5 b5 24. axb6 Nxb6 25. d6 Bxd6 26. Ra5
Rfe8 27. Be4 g6 28. h4 Qc7 29. Rda1 Nc8 30. Rb5 Nb6 31. Rba5 Nc8 32. Rb5
Nb6 1/2-1/2

[Event "TCh-CRO Gp1A"]
[Site "Sibenik CRO"]
[Date "2010.09.09"]
[Round "6"]
[White "Saric,A"]
[Black "Sulava,N"]
[Result "1-0"]
[WhiteElo "2472"]
[BlackElo "2552"]
[EventDate "2010.09.04"]

1. d4 g6 2. e4 Bg7 3. c4 c5 4. Nf3 d6 5. Nc3 Nc6 6. d5 Nd4 7. Nxd4 cxd4 8.
Nb5 Qb6 9. Bd3 a6 10. Na3 e5 11. Rb1 Nf6 12. b4 O-O 13. c5 dxc5 14. Nc4 Qc7
15. bxc5 Qxc5 16. Ba3 Qc7 17. Bd6 Qd8 18. Bxf8 Kxf8 19. O-O Nd7 20. Qd2 b5
21. Na5 Kg8 22. Nc6 Qf6 23. a4 bxa4 24. Qa5 Bf8 25. Qxa4 Nc5 26. Qc2 Bd7
27. Rb6 Kg7 28. Rfb1 Qg5 29. Bf1 Qf4 30. Re1 Re8 31. Bxa6 f5 32. Bd3 Ra8
33. exf5 e4 34. Bf1 d3 35. Qc3+ Kh6 36. fxg6 Ra2 37. Qd4 Na4 38. gxh7 Kxh7
39. Rxe4 Qc1 40. Rh4+ Bh6 41. Qxd3+ Kg7 42. Rb7 1-0

[Event "TCh-CRO Gp1A"]
[Site "Sibenik CRO"]
[Date "2010.09.09"]
[Round "6"]
[White "Cebalo,M"]
[Black "Zufic,M"]
[Result "0-1"]
[WhiteElo "2493"]
[BlackElo "2429"]
[EventDate "2010.09.04"]

1. c4 Nf6 2. Nc3 g6 3. d4 Bg7 4. e4 d6 5. Nf3 O-O 6. Be2 Nbd7 7. O-O e5 8.
Qc2 Re8 9. d5 Nh5 10. g3 Bf8 11. Ne1 Ng7 12. Ng2 f5 13. f3 Be7 14. Be3 Nf6
15. Bd3 fxe4 16. Nxe4 Nf5 17. Bf2 Nxe4 18. Bxe4 Bf6 19. Rae1 Bd7 20. Qd3 c5
21. dxc6 bxc6 22. b3 Nd4 23. f4 Bg7 24. fxe5 dxe5 25. h4 Bg4 26. Bxd4 Qxd4+
27. Qxd4 exd4 28. Bxc6 Rxe1 29. Rxe1 Rd8 30. Nf4 d3 31. Nxd3 Rxd3 32. Bd5+
Kf8 33. Rf1+ Ke8 34. Rf4 Bf5 35. Rf3 Bd4+ 36. Kf1 Rd2 37. a4 Bd3+ 38. Ke1
Bc3 0-1

[Event "TCh-CRO Gp1A"]
[Site "Sibenik CRO"]
[Date "2010.09.09"]
[Round "6"]
[White "Eljanov,P"]
[Black "Bologan,V"]
[Result "1/2-1/2"]
[WhiteElo "2761"]
[BlackElo "2690"]
[EventDate "2010.09.04"]

1. d4 Nf6 2. c4 g6 3. Nc3 Bg7 4. e4 d6 5. Nf3 O-O 6. Be2 e5 7. O-O exd4 8.
Nxd4 Re8 9. f3 c6 10. Kh1 Nbd7 11. Bg5 Qb6 12. Nb3 a5 13. Na4 Qb4 14. Nc1
Nc5 15. Nd3 Qxa4 16. b3 Nfxe4 17. bxa4 Nc3 18. Qc1 Nxe2 19. Qa3 Be6 20.
Nxc5 dxc5 21. Qd3 Nc3 22. Rae1 Nxa2 23. Re3 h6 24. Bh4 Nb4 25. Qe2 b5 26.
cxb5 Nd5 27. Ra3 c4 28. bxc6 c3 29. Rc1 Rec8 30. Bg3 Rxc6 31. Be5 Bxe5 32.
Qxe5 c2 33. h4 Nb4 34. Rc3 Rxc3 35. Qxc3 Rc8 36. Qd2 h5 37. Kh2 Bf5 38. g4
hxg4 39. fxg4 Bxg4 40. Qg5 Bh5 41. Qxa5 Na2 42. Qa6 Bg4 43. Qxc8+ Bxc8 44.
Rxc2 Be6 45. Rb2 Nc3 46. a5 Ne4 47. Rb5 Nd6 48. Rb8+ Kg7 49. Kg3 Nf5+ 50.
Kf4 Nxh4 51. a6 Bd5 52. Ke5 Bf3 53. Kd6 g5 54. a7 g4 55. Rb3 g3 56. Rxf3
Nxf3 57. a8=Q g2 58. Qa1+ Kg8 59. Qa8+ Kg7 60. Qa1+ Kg8 61. Qa8+ Kg7 62.
Qa1+ Kg8 63. Qa8+ Kg7 1/2-1/2

[Event "TCh-CRO Gp1A"]
[Site "Sibenik CRO"]
[Date "2010.09.09"]
[Round "6"]
[White "Kozul,Z"]
[Black "Ruck,R1"]
[Result "1/2-1/2"]
[WhiteElo "2604"]
[BlackElo "2555"]
[EventDate "2010.09.04"]

1. d4 Nf6 2. c4 g6 3. Nc3 d5 4. cxd5 Nxd5 5. e4 Nxc3 6. bxc3 Bg7 7. Nf3 c5
8. Be3 Qa5 9. Qd2 O-O 10. Rc1 cxd4 11. cxd4 Qxd2+ 12. Nxd2 e6 13. Bb5 a6
14. Ba4 b5 15. Bb3 a5 16. O-O Na6 17. a4 Bd7 18. Ra1 Rfc8 19. e5 Nb4 20.
Ne4 Nc2 21. Ra2 Nb4 22. Raa1 Nc2 23. Ra2 1/2-1/2

[Event "TCh-CRO Gp1A"]
[Site "Sibenik CRO"]
[Date "2010.09.09"]
[Round "6"]
[White "Rogic,D"]
[Black "Jankovic,A"]
[Result "1-0"]
[WhiteElo "2591"]
[BlackElo "2560"]
[EventDate "2010.09.04"]

1. e4 c5 2. Nf3 Nc6 3. d4 cxd4 4. Nxd4 Nf6 5. Nc3 d6 6. Bg5 e6 7. Qd2 a6 8.
O-O-O h6 9. Bxf6 Qxf6 10. Nb3 Qd8 11. f4 b5 12. Bd3 Be7 13. Kb1 O-O 14. g4
b4 15. Ne2 a5 16. Nbd4 Nxd4 17. Nxd4 Qb6 18. Nf3 a4 19. g5 hxg5 20. Rhg1 a3
21. b3 Bb7 22. h4 gxf4 23. Qxf4 Qc5 24. e5 f5 25. Bc4 Bxf3 26. Bxe6+ Rf7
27. Bxf7+ Kxf7 28. Qxf5+ Kg8 29. Qe6+ Kf8 30. Rxg7 Kxg7 31. Qxe7+ Kg8 32.
Qg5+ Kh8 33. Qf6+ Kh7 34. Qf7+ Kh8 35. Qxf3 Qxe5 36. Qxa8+ Kh7 37. Qa7+ 1-0

[Event "TCh-CRO Gp1A"]
[Site "Sibenik CRO"]
[Date "2010.09.09"]
[Round "6"]
[White "Kuljasevic,D"]
[Black "Kovacevic,Bl"]
[Result "1/2-1/2"]
[WhiteElo "2555"]
[BlackElo "2459"]
[EventDate "2010.09.04"]

1. d4 d5 2. c4 e6 3. Nc3 Be7 4. cxd5 exd5 5. Bf4 c6 6. Qc2 Bd6 7. Bxd6 Qxd6
8. e3 Qg6 9. Qb3 Ne7 10. Nge2 Nd7 11. Nf4 Qd6 12. Bd3 Nb6 13. a4 Bf5 14. a5
Bxd3 15. Nxd3 Nc4 16. Qxb7 O-O 17. O-O a6 18. Qb4 Qxb4 19. Nxb4 Nxb2 20.
Rfb1 Nc4 21. Na4 Rfb8 22. Nxa6 Rxb1+ 23. Rxb1 h5 24. N4c5 Nxa5 25. Kf1 Nf5
26. Ke2 Kh7 27. Kd3 Nd6 28. Rb8 Ra7 29. f3 f5 30. Nb4 Nac4 31. Nca6 h4 32.
Rd8 Re7 33. Nc2 Re6 34. Nab4 Rg6 35. Ne1 Re6 36. Nec2 Rg6 37. Ne1 Re6 38.
Nec2 Rg6 1/2-1/2

[Event "TCh-CRO Gp1A"]
[Site "Sibenik CRO"]
[Date "2010.09.09"]
[Round "6"]
[White "Zivkovic,Vj"]
[Black "Hulak,K"]
[Result "1/2-1/2"]
[WhiteElo "2379"]
[BlackElo "2510"]
[EventDate "2010.09.04"]

1. e4 c5 2. Nf3 e6 3. d4 cxd4 4. Nxd4 a6 5. Bd3 Nf6 6. O-O d6 7. c4 g6 8.
Nc3 Bg7 9. Be3 Qc7 10. Rc1 Nbd7 11. Be2 b6 12. Qd2 Bb7 13. f3 h6 14. Rfd1
Bf8 15. b4 g5 16. Nb3 Be7 17. Kh1 Kf8 18. Qd4 1/2-1/2

[Event "TCh-CRO Gp1A"]
[Site "Sibenik CRO"]
[Date "2010.09.09"]
[Round "6"]
[White "Sertic,Ru"]
[Black "Malakhov,V"]
[Result "0-1"]
[WhiteElo "2422"]
[BlackElo "2725"]
[EventDate "2010.09.04"]

1. d4 c5 2. d5 d6 3. e4 Nf6 4. Nc3 g6 5. f4 Bg7 6. Nf3 O-O 7. Bd3 Na6 8.
O-O Nc7 9. Qe1 b6 10. Qh4 b5 11. f5 c4 12. Be2 b4 13. Nd1 gxf5 14. Bh6 Nxe4
15. Ng5 Bxh6 16. Qxh6 Nxg5 17. Qxg5+ Kh8 18. Ne3 e6 19. Qh6 Nxd5 20. Nxd5
exd5 21. Bf3 Be6 22. Rad1 Rg8 23. Bxd5 Qb6+ 24. Kh1 Rg6 25. Qf4 Rag8 26. g3
Qc5 27. Bf3 Qe5 28. Rd4 Qxf4 29. Rxf4 Rb8 30. Rd1 Rb6 31. Rfd4 Ra6 32. a3
bxa3 33. bxa3 Rxa3 34. Bc6 Ra2 35. R1d2 Rg8 36. Rxd6 c3 37. Re2 Ra6 38. Kg1
Rc8 39. Bb7 Rxd6 40. Bxc8 Rd2 41. Re3 Bxc8 42. Re8+ Kg7 43. Rxc8 Rxc2 44.
Kf1 a5 45. Ke1 a4 46. Kd1 Rd2+ 47. Kc1 a3 48. Rxc3 a2 49. Kxd2 a1=Q 50. Rc2
Qd4+ 51. Ke2 Qe4+ 52. Kd2 h5 0-1

[Event "TCh-CRO Gp1A"]
[Site "Sibenik CRO"]
[Date "2010.09.09"]
[Round "6"]
[White "Dreev,A"]
[Black "Mrkonjic,N"]
[Result "1-0"]
[WhiteElo "2649"]
[BlackElo "2394"]
[EventDate "2010.09.04"]

1. d4 d5 2. c4 c6 3. Nc3 Nf6 4. e3 a6 5. Nf3 g6 6. Bd3 Bg7 7. O-O O-O 8. h3
b5 9. b3 Nbd7 10. Qe2 Bb7 11. Rd1 e6 12. Ba3 Re8 13. Bd6 Nb6 14. c5 Nc8 15.
Bf4 Nd7 16. b4 f5 17. a4 Na7 18. Ne5 Nxe5 19. Bxe5 Bxe5 20. dxe5 Qc7 21. f4
bxa4 22. Nxa4 Nc8 23. Nc3 Ne7 24. Qe1 g5 25. Qg3 h6 26. h4 g4 27. h5 Kf7
28. Qh4 Ng8 29. Ra5 Reb8 30. Rda1 Kf8 31. Ne2 Bc8 32. Qe1 Qf7 33. Nd4 Bd7
34. Rxa6 Rxa6 35. Rxa6 Qxh5 36. Ra7 Qe8 37. b5 cxb5 38. c6 Bc8 39. Qb4+ Ne7
40. Qd6 Rb6 41. Bxb5 g3 42. Qc7 Rb8 43. Qxb8 1-0

[Event "TCh-CRO Gp1A"]
[Site "Sibenik CRO"]
[Date "2010.09.09"]
[Round "6"]
[White "Vargic,D"]
[Black "Lalic,B"]
[Result "0-1"]
[WhiteElo "2360"]
[BlackElo "2495"]
[EventDate "2010.09.04"]

1. e4 c5 2. Nc3 e6 3. g3 d5 4. Bg2 d4 5. Nce2 d3 6. cxd3 Qxd3 7. Nf4 Qd7 8.
Nge2 Nc6 9. O-O Nf6 10. b3 Bd6 11. Ba3 O-O 12. Rc1 e5 13. Nd5 Nxd5 14. exd5
Nb4 15. Bxb4 cxb4 16. d4 Qb5 17. Rc4 Re8 18. Qd3 Bd7 19. Rfc1 Qa5 20. dxe5
Rxe5 21. Qd2 Rae8 22. Nf4 Qd8 23. h3 Qe7 24. Kh2 Re1 25. Bf3 Rxc1 26. Rxc1
Qf6 27. Bg2 g6 28. Nd3 Bb5 29. Rc2 Kg7 30. Nf4 h5 31. h4 b6 32. Bf3 Re5 33.
Bg2 Rf5 34. Nh3 Qxh4 35. f4 Qe7 36. Qd4+ Qf6 37. Qxf6+ Rxf6 38. Ng5 h4 39.
Ne4 hxg3+ 40. Kh1 Bxf4 41. Nxf6 Kxf6 42. Bf3 Bd7 43. Rc4 Bd6 44. Kg2 Kg7
45. Rc1 f5 46. Be2 g5 47. Bd3 g4 48. Rh1 f4 49. Rh7+ Kf6 50. Be4 f3+ 51.
Bxf3 gxf3+ 52. Kxf3 Bf5 53. Rh6+ Bg6 0-1

[Event "TCh-CRO Gp1A"]
[Site "Sibenik CRO"]
[Date "2010.09.09"]
[Round "6"]
[White "Zaja,I"]
[Black "Krstic,U"]
[Result "0-1"]
[WhiteElo "2482"]
[BlackElo "2410"]
[EventDate "2010.09.04"]

1. d4 g6 2. c4 Bg7 3. e4 Nc6 4. Be3 e5 5. d5 Nd4 6. Bd3 c5 7. Nc3 d6 8. h4
Nf6 9. f3 Nh5 10. Nge2 Bf6 11. Bf2 Nf4 12. Nxf4 exf4 13. Qd2 Be5 14. Ne2
Nxe2 15. Kxe2 Qf6 16. Rab1 h5 17. Qc1 O-O 18. Be1 Bd7 19. Bc3 Rfe8 20. Bxe5
Rxe5 21. Qc3 b6 22. Kd2 a6 23. Rbf1 b5 24. Kc1 Rb8 25. Rf2 Kf8 26. Qd2 Re7
27. Qc3 Re5 28. Qd2 b4 29. Rff1 a5 30. g3 fxg3 31. f4 Re7 32. Rhg1 Bh3 33.
Rf3 Bg4 34. Rfxg3 a4 35. Bb1 a3 36. b3 Rbe8 37. Re1 Qxh4 38. Rge3 Qf6 39.
Qh2 Qa1 40. Qd2 Qf6 41. Qh2 Qa1 42. Qd2 f6 43. Qg2 Kf7 44. Qf2 Qd4 45. Qg2
f5 46. Rd3 Rxe4 0-1

[Event "TCh-CRO Gp1A"]
[Site "Sibenik CRO"]
[Date "2010.09.09"]
[Round "6"]
[White "Ascic,P"]
[Black "Muse,M"]
[Result "0-1"]
[WhiteElo "2310"]
[BlackElo "2446"]
[EventDate "2010.09.04"]

1. d4 Nf6 2. Nf3 g6 3. g3 Bg7 4. Bg2 O-O 5. O-O d6 6. Nbd2 Nc6 7. c4 e5 8.
d5 Ne7 9. e4 a5 10. Ne1 c6 11. dxc6 bxc6 12. Nd3 Qc7 13. Re1 c5 14. Nb1 Nc6
15. Nc3 Nd4 16. h3 Bb7 17. b3 Bc6 18. a4 Qb7 19. Rb1 Ne8 20. Be3 f5 21.
Bxd4 cxd4 22. Nd5 Bxd5 23. cxd5 Nf6 24. f3 Bh6 25. Kh2 Rfc8 26. b4 axb4 27.
Nxb4 Rc4 28. Nc6 Qc7 29. a5 Rc3 30. Re2 fxe4 31. fxe4 Nh5 32. Reb2 Qf7 33.
Qg4 Rxg3 34. Rb8+ Rxb8 35. Rxb8+ Bf8 36. Qe6 Rxg2+ 37. Kh1 Rc2 38. a6 Rc1+
39. Kh2 Rc2+ 40. Kh1 Ng3+ 41. Kg1 Ne2+ 42. Kh1 Ng3+ 43. Kg1 d3 44. a7 Ne2+
45. Kh1 Ng3+ 46. Kg1 Qxe6 47. dxe6 d2 48. Rxf8+ Kg7 49. Rf7+ Kh6 50. Rf1
Rc1 51. Kg2 Rxf1 0-1

[Event "TCh-CRO Gp1A"]
[Site "Sibenik CRO"]
[Date "2010.09.09"]
[Round "6"]
[White "Rade,M"]
[Black "Drmic,T"]
[Result "1/2-1/2"]
[WhiteElo "2428"]
[BlackElo "2302"]
[EventDate "2010.09.04"]

1. e4 e5 2. Nf3 Nf6 3. Nxe5 d6 4. Nf3 Nxe4 5. d3 Nf6 6. d4 Be7 7. Bd3 Bg4
8. O-O O-O 9. Re1 Nbd7 10. Bg5 Re8 11. Nbd2 Nf8 12. h3 Bh5 13. c3 c6 14.
Qb3 Qd7 15. Bf4 Ne6 16. Bh2 Bf8 17. Nh4 Nd5 18. Qc2 Bg6 19. Nxg6 hxg6 20.
Bf1 Be7 21. Qb3 Nb6 22. Bd3 Bg5 23. Nf3 Bf4 24. a4 Bxh2+ 25. Nxh2 Nf4 26.
Bf1 Rad8 27. Ng4 d5 28. g3 Ne6 29. Ne5 Qc7 30. h4 g5 31. hxg5 Nxg5 32. Bg2
Re7 33. Re3 Rde8 34. Rae1 Nc8 35. f4 Ne6 36. Kf2 Nd6 37. R3e2 Nf8 38. Bf3
Qb6 39. Qa3 Nf5 40. Bg4 Nh6 41. Bh3 f6 42. Nd3 Rxe2+ 43. Rxe2 Rxe2+ 44.
Kxe2 Qc7 1/2-1/2

[Event "TCh-CRO Gp1A"]
[Site "Sibenik CRO"]
[Date "2010.09.09"]
[Round "6"]
[White "Beliavsky,A"]
[Black "Khenkin,I"]
[Result "1/2-1/2"]
[WhiteElo "2632"]
[BlackElo "2614"]
[EventDate "2010.09.04"]

1. d4 Nf6 2. c4 e6 3. Nf3 d5 4. Nc3 Bb4 5. Bg5 h6 6. Bxf6 Qxf6 7. Qa4+ Nc6
8. e3 O-O 9. Be2 dxc4 10. O-O a6 11. Bxc4 Bd6 12. Rfd1 Bd7 13. Qc2 Rac8 14.
Rac1 Rfe8 15. a3 e5 16. Ne4 Qe7 17. d5 Nd8 18. b4 Bf5 19. Nfd2 a5 20. bxa5
Bxa3 21. Ra1 Bb4 22. Qb3 Ra8 23. a6 bxa6 24. Bxa6 c6 25. Bc4 Rxa1 26. Rxa1
cxd5 27. Bxd5 Bxd2 28. Nxd2 Ne6 29. Nc4 Qc7 30. Qb2 Nc5 31. h3 Rd8 32. Ra8
Rxa8 33. Bxa8 Nd3 34. Qb5 Bd7 35. Qd5 Be6 36. Qxd3 Qxc4 37. Qd6 Qc8 38. Be4
f6 39. Kh2 Qd7 40. Qb8+ Qc8 1/2-1/2

[Event "TCh-CRO Gp1A"]
[Site "Sibenik CRO"]
[Date "2010.09.09"]
[Round "6"]
[White "Horvath,Cs1"]
[Black "Hracek,Z"]
[Result "1/2-1/2"]
[WhiteElo "2529"]
[BlackElo "2633"]
[EventDate "2010.09.04"]

1. d4 Nf6 2. c4 e6 3. Nf3 Bb4+ 4. Bd2 a5 5. g3 c5 6. Bg2 Nc6 7. dxc5 O-O 8.
O-O Bxc5 9. Nc3 h6 10. Bf4 d6 11. Na4 e5 12. Nxc5 exf4 13. Nd3 fxg3 14.
hxg3 Qb6 15. Qb3 Qxb3 16. axb3 Bf5 17. Rfd1 Rfd8 18. e3 Rab8 19. Nd4 Nxd4
20. exd4 b6 21. Rac1 Rdc8 22. Nf4 Rc7 23. Nd5 Nxd5 24. Bxd5 Re8 25. Bf3 g6
26. Rc3 h5 27. Rdc1 Rec8 28. Bd5 Kf8 29. Kg2 Ke7 30. Re1+ Kf6 31. Rce3 Kg7
32. R1e2 Kf8 33. Re1 Kg7 34. R1e2 Kf8 35. Re1 Bd7 36. Rf3 Bf5 37. Rfe3 Ra7
38. Kg1 Bg4 39. Kh2 Rac7 40. Kg1 Bf5 41. Kh2 1/2-1/2

[Event "TCh-CRO Gp1A"]
[Site "Sibenik CRO"]
[Date "2010.09.09"]
[Round "6"]
[White "Jovanovic,Zo CRO"]
[Black "Komljenovic,D"]
[Result "1-0"]
[WhiteElo "2520"]
[BlackElo "2465"]
[EventDate "2010.09.04"]

1. e4 c5 2. Nf3 d6 3. d4 cxd4 4. Qxd4 a6 5. Be3 Nc6 6. Qd2 Nf6 7. Nc3 g6 8.
O-O-O Bg4 9. Nd5 Nxd5 10. exd5 Ne5 11. Nxe5 dxe5 12. f3 Bd7 13. Bd3 Bg7 14.
Bh6 Bf6 15. Rhe1 Qb6 16. Be4 O-O-O 17. Re3 Qb5 18. Rb3 Qa4 19. Ra3 Qb5 20.
c4 Qc5 21. Be3 Qc7 22. Qb4 Bf5 23. Bb6 Qd7 24. c5 Bxe4 25. Qxe4 Rde8 26. d6
Bg5+ 27. Kb1 exd6 28. cxd6 Kb8 29. Bc7+ Ka7 30. Rb3 Qc6 31. Qxc6 bxc6 32.
d7 Ref8 33. Bxe5 Rhg8 34. Bd4+ Ka8 35. Rb6 Rd8 36. Rxa6+ Kb7 37. Ra7+ Kb8
38. Rd3 1-0

[Event "TCh-CRO Gp1A"]
[Site "Sibenik CRO"]
[Date "2010.09.09"]
[Round "6"]
[White "Feletar,D"]
[Black "Sermek,D"]
[Result "1/2-1/2"]
[WhiteElo "2391"]
[BlackElo "2524"]
[EventDate "2010.09.04"]

1. c4 c5 2. Nf3 Nf6 3. Nc3 Nc6 4. e4 e6 5. Be2 d5 6. exd5 exd5 7. d4 cxd4
8. Nxd4 dxc4 9. Nxc6 Qxd1+ 10. Nxd1 bxc6 11. Bxc4 Bb4+ 12. Bd2 Bxd2+ 13.
Kxd2 O-O 14. Ne3 Re8 15. Rhe1 Be6 16. Bxe6 Rxe6 17. Nc4 Rae8 18. Rxe6 Rxe6
19. h3 Kf8 20. Rd1 1/2-1/2